Strategic Human Resource Management and Development (Record no. 145240)

MARC details
000 -LEADER
fixed length control field 00378nam a2200145Ia 4500
008 - FIXED-LENGTH DATA ELEMENTS--GENERAL INFORMATION
fixed length control field 230917s9999||||xx |||||||||||||| ||und||
040 ## - CATALOGING SOURCE
-- 122289
Original cataloging agency VIVEKANANDA LIBRARY
041 ## - Language
-- English
082 ## - DDC NUMBER
Classification number 658.3 R263S
100 ## - MAIN ENTRY--PERSONAL NAME
Personal name Regis, Richard
245 #0 - TITLE STATEMENT
Title Strategic Human Resource Management and Development
260 ## - PUBLICATION, DISTRIBUTION, ETC. (IMPRINT)
Place of publication, distribution, etc New Delhi
Name of publisher, distributor, etc Excel Books
Date of publication, distribution, etc 2008
300 ## - PHYSICAL DESCRIPTION
Pages 423p p.
942 ## - ADDED ENTRY ELEMENTS (KOHA)
Koha item type Books
Holdings
Withdrawn status Lost status Damaged status Not for loan Location (home branch) Sublocation or collection (holding branch) Date acquired Koha issues (times borrowed) Koha full call number Accession No. Koha date last seen Koha item type Shelving location
        VIVEKANANDA LIBRARY VIVEKANANDA LIBRARY 12/03/2009   658.3 R263S 259012 17/09/2023 Books  
        VIVEKANANDA LIBRARY VIVEKANANDA LIBRARY 12/03/2009   658.3 R263S 279924 17/09/2023 Books IMSAR Library
        VIVEKANANDA LIBRARY VIVEKANANDA LIBRARY 12/03/2009   658.3 R263S 279925 17/09/2023 Books IMSAR Library
© Designed and Maintained by Vivekananda Library, MDU Rohtak